000 00510nam a2200205Ia 4500
008 210210b1985 xxu||||| |||| 00| 0 eng d
082 _a658.001 MANB
100 _aMANKAR (V G)
245 _aBusiness and managerial economics
250 _a
260 _aBombay.
_bHimalaya Publishing House
_c1985
300 _aviii,407
650 _amanagerial
650 _aeconomics
650 _aBusiness
650 _aand
690 _aBusiness Economics
700 _aPILLAI (M K Sreedharan)
906 _a038334
999 _c88045
_d88045